The United States in world affairs

Bewaard in:
Bibliografische gegevens
Hoofdauteur: Stebbins, Richard P.
Formaat: Boek
Taal:Undetermined
Gepubliceerd in: New York Vintage Books 1963
Onderwerpen:
Tags: Voeg label toe
Geen labels, Wees de eerste die dit record labelt!
Thư viện lưu trữ: Trung tâm Học liệu Trường Đại học Cần Thơ
LEADER 00549nam a2200205Ia 4500
001 CTU_86892
008 210402s9999 xx 000 0 und d
082 |a 327.73 
082 |b S811 
100 |a Stebbins, Richard P. 
245 4 |a The United States in world affairs 
245 0 |c Richard P. Stebbins 
260 |a New York 
260 |b Vintage Books 
260 |c 1963 
650 |a United states 
650 |x Foreign relations,Sources 
650 |y 1945-1989 
904 |i Trúc 
980 |a Trung tâm Học liệu Trường Đại học Cần Thơ